ポケふた 北海道編 - Statistics

General Stats
  • This quiz has been taken 12 times
  • The average score is 49 of 94
Answer Stats
市町村 ポケモン タイプ % Correct
美幌町 ロコン ほのお
80%
猿払村 ロコン ほのお
80%
木古内町 ロコン ほのお
80%
歌志内市 ロコン ほのお
80%
北見市 ロコン ほのお
80%
室蘭市 ロコン ほのお
80%
当別町 ロコン ほのお
80%
斜里町 ロコン ほのお
80%
帯広市 ロコン ほのお
80%
中標津町 ロコン ほのお
80%
本別町 ロコン ほのお
80%
登別市 ロコン ほのお
80%
三笠市 ロコン ほのお
80%
苫小牧市 ロコン ほのお
80%
大空町 ロコン ほのお
80%
天塩町 ロコン ほのお
80%
士別市 ロコン ほのお
80%
上ノ国町 ロコン ほのお
80%
洞爺湖町 ロコン ほのお
80%
恵庭市 ロコン ほのお
80%
石狩市 ロコン ほのお
80%
美瑛町 アローラロコン こおり
70%
アローラロコン こおり
70%
アローラロコン こおり
70%
アローラロコン こおり
70%
アローラロコン こおり
70%
アローラロコン こおり
70%
アローラロコン こおり
70%
えりも町 アローラロコン こおり
70%
東川町 アローラロコン こおり
70%
赤井川村 アローラロコン こおり
70%
網走市 アローラロコン こおり
70%
アローラロコン こおり
70%
釧路市 アローラロコン こおり
70%
旭川市 アローラロコン こおり
70%
陸別町 アローラロコン こおり
70%
根室市 アローラロコン こおり
70%
小樽市 アローラロコン こおり
70%
函館市 アローラロコン こおり
70%
剣淵町 アローラロコン こおり
70%
上富良野町 アローラロコン こおり
70%
足寄町 アローラロコン こおり
70%
新得町 アローラロコン こおり
70%
遠軽町 アローラロコン こおり
70%
紋別市 アローラロコン こおり
70%
豊富町 アローラロコン こおり
70%
稚内市 アローラロコン こおり
70%
アローラロコン こおり
70%
比布町 アローラロコン こおり
70%
森町 アローラロコン こおり
70%
マーイーカ あく・エスパー
70%
パルキア みず・ドラゴン
60%
トゲキッス フェアリー・ひこう
60%
ハネッコ くさ・ひこう
50%
バチュル むし・でんき
50%
ディアルガ はがね・ドラゴン
50%
バリコオル こおり・エスパー
50%
ヒトツキ はがね・ゴースト
50%
マニューラ あく・こおり
40%
アローラキュウコン こおり・フェアリー
40%
ポッチャマ みず
40%
ヒスイウォーグル エスパー・ひこう
30%
イルミーゼ むし
30%
ドロバンコ じめん
30%
ジュナイパー くさ・ゴースト
30%
カチコール こおり
30%
キテルグマ ノーマル・かくとう
30%
キュウコン ほのお
30%
ムクホーク ノーマル・ひこう
30%
ユキメノコ こおり・ゴースト
30%
ミルタンク ノーマル
30%
メリープ でんき
30%
ヒコザル ほのお
30%
ナエトル くさ
30%
エイパム ノーマル
20%
ワカシャモ ほのお・かくとう
20%
ズガイドス いわ
20%
ヒメグマ ノーマル
20%
タマザラシ こおり・みず
20%
ウリムー こおり・じめん
20%
ポットデス ゴースト
10%
バニプッチ こおり
10%
クマシュン こおり
10%
エネコロロ ノーマル
10%
オムナイト いわ・みず
10%
ユクシー エスパー
10%
エムリット エスパー
10%
アグノム エスパー
10%
ヒメンカ くさ
0%
ヤバチャ ゴースト
0%
ルガルガン いわ
0%
ミブリム エスパー
0%
コオリッポ こおり
0%
メタモン ノーマル
0%
No matching quizzes found
Score Distribution
Percent of People with Each Score
Percentile by Number Answered
Your Score History
You have not taken this quiz